[Event "Martorell op-A"]
[Site "Martorell"]
[Date "1997.??.??"]
[Round "8"]
[White "Verdes Nadal, Ramon"]
[Black "Fores Lara, Guillem"]
[Result "1-0"]
[WhiteElo "2015"]
[BlackElo "2045"]
[PlyCount "91"]
[EventDate "1997.09.??"]
[EventType "swiss"]
[EventRounds "9"]
[EventCountry "ESP"]
[SourceTitle "EXT 2003"]
[Source "ChessBase"]
[SourceDate "2002.11.25"]
[SourceVersion "1"]
[SourceVersionDate "2002.11.25"]
[SourceQuality "1"]

1. e4 e5 2. Nf3 d6 3. d4 Nf6 4. dxe5 Nxe4 5. Bc4 c6 6. exd6 Nxd6 7. Bb3 Be7 8. 0-0 0-0 9. Re1 Bf6 10. h3 Bf5 11. c3 Na6 12. Nd4 Bg6 13. Be3 Re8 14. Nd2 Rc8 15. Bc2 Bxd4 16. cxd4 Bxc2 17. Qxc2 Nb4 18. Qb3 Nd5 19. Nf3 f6 20. Bf4 Nf7 21. Bg3 Qd7 22. Rac1 g6 23. Nd2 Kg7 24. Ne4 b6 25. a3 Re6 26. Nc3 Rxe1+ 27. Rxe1 Nxc3 28. bxc3 b5 29. Qb4 Re8 30. Re3 Rxe3 31. fxe3 Ng5 32. Kf2 Ne4+ 33. Kf3 Qf5+ 34. Bf4 Ng5+ 35. Kg3 Ne4+ 36. Kh2 Qe6 37. a4 g5 38. Bb8 a6 39. Qa5 bxa4 40. Qxa4 Nxc3 41. Qxa6 Nd5 42. Qb7+ Kg6 43. e4 Qxe4 44. Qxc6 Qxd4 45. Qe8+ Kg7 46. Bd6 1-0